La Escuela en acción : suplemento de El Magisterio español suplemento de El Magisterio español
MARC
| LEADER | 00000nas a2200000 a 4500 | ||
|---|---|---|---|
| 001 | 14526, 14527 | ||
| 003 | Arxiu | ||
| 005 | 20260324181035.0 | ||
| 008 | 160829s9999 xx 000 0 cat d | ||
| 022 | |a 0212-2707 | ||
| 245 | |a La Escuela en acción : |b suplemento de El Magisterio español | ||
| 260 | |a [Madrid : |b Siena] ; |c 1920- ] | ||
| 300 | |a 2 vols. enquadernats ; |c 28 cm. ; |b Il. b/n ; periodicitat: irregular | ||
| 310 | |a Irregular | ||
| 500 | |a Numeració irregular | ||
| 590 | |a Periodicitat desconeguda. A partir de 1945-1946, mensual. | ||
| 590 | |a Descripció basada en: Curso 1939-1940. | ||
| 590 | |a Suplement de: El Magisterio español | ||
| 650 | |a Ensenyament primari |x Revistes |9 41403 | ||
| 650 | |a Ensenyament secundari |x Revistes |9 29904 | ||
| 650 | |a Educació infantil |x Revistes |9 29905 | ||
| 866 | |a Núm. 2 (13 octubre 1945) | ||
| 866 | |a Núm. 4 (21 novembre 1945) - Núm. 14-15 (24 abril 1946) | ||
| 866 | |a Núm. 1 (16 octubre 1946) | ||
| 866 | |a Núm. 5 (8 gener 1947) - Núm. 14 (25 juny 1947) | ||
| 866 | |a Núm. 1 (15 octubre 1947) - Núm. 3 (29 novembre 1947) | ||
| 901 | |a Arxiu | ||
| 942 | |n 1 |2 udc |c REV | ||
| 952 | |0 0 |1 0 |2 udc |4 0 |6 REV244 |7 1 |9 45157 |a Arxiu |b Arxiu |d 2016-12-01 |h Núm. 2 (13 octubre 1945) ; Núm. 4 (21 novembre 1945) - Núm. 14-15 (24 abril 1946) ; Núm. 1 (16 octubre 1946) |o Rev-244 |p 14526 |r 2016-12-01 00:00:00 |w 2016-12-01 |y ARXIU | ||
| 952 | |0 0 |1 0 |2 udc |4 0 |6 REV245 |7 1 |9 63523 |a Arxiu |b Arxiu |d 2022-08-23 |h Núm. 5 (8 gener 1947) - Núm. 14 (25 juny 1947) ; Núm. 1 (15 octubre 1947) - Núm. 3 (29 novembre 1947) |o Rev-245 |p 14527 |r 2022-08-23 00:00:00 |w 2022-08-23 |y ARXIU | ||
| 952 | |0 0 |1 0 |2 udc |4 0 |7 1 |9 63524 |a Arxiu |b Arxiu |d 2022-08-23 |h Cursos 1939-1940 - 1943-1944 |o Rev-243 |p 14525 |r 2022-08-23 00:00:00 |w 2022-08-23 |y ARXIU |z Sense numeració | ||
| 999 | |c 48228 |d 48228 | ||
| 655 | |a Revistes |9 55823 | ||